Studi di storia delle università e della letteratura giuridica

Uloženo v:
Podrobná bibliografie
Hlavní autor: Maffei, Domenico (autor)
Médium: Kniha
Jazyk:italština
Vydáno: Berlín Keip 1995
Edice:Bibliotheca Eruditorum, 1
Témata:
Tagy: Přidat tag
Žádné tagy, Buďte první, kdo vytvoří štítek k tomuto záznamu!

MARC

LEADER 00000nam a2200000 a 4500
001 UCK2380
003 CL-VaPUC
008 050106e19950000gw |||||||||||||||||ita|d
020 |a 3805102011 
082 0 4 |a 340.55  |b MAF  |2 21 
100 |a Maffei, Domenico  |e autor  |9 490236 
245 1 0 |a Studi di storia delle università e della letteratura giuridica 
300 |a 590 p 
942 |c BK 
945 |d 20050106 00:00:00  |a cmena 
260 |a Berlín  |b Keip  |c 1995 
650 0 |a Derecho medieval  |9 314261 
650 0 |a Historia del derecho  |9 255109 
650 0 |a Fuentes del derecho   |9 255162 
650 0 |a Derecho romano  |9 255930 
650 0 |a Educación superior   |9 223851 
583 |a last modification  |c 20171116 05:10:56  |k Rodrigo Vera 
490 0 |a Bibliotheca Eruditorum, 1 
999 |c 311937  |d 311935 
952 |0 0  |1 0  |4 0  |6 340_550000000000000_MAF_1995  |7 0  |8 DER_HIS  |9 381674  |a BIBDER  |b BIBDER  |d 2019-11-21  |i 4091140  |o 340.55 MAF 1995  |p 4091140  |r 2023-01-25  |w 2019-11-21  |x Ubicación 4to Piso  |y BK  |z Estos recursos deben solicitarse con anticipación  |k DER